| 000 | 00474nam a2200169Ia 4500 | ||
|---|---|---|---|
| 005 | 20250508153244.0 | ||
| 008 | 008 250505s9999 xx 000 0 eng d | ||
| 037 | _aTextual | ||
| 040 |
_aFEDL _beng _cFEDL |
||
| 041 |
_aeng _2eng |
||
| 084 |
_a907, DAS _qFEDL |
||
| 100 |
_aDas Gupta Kalyan Kumar _9763537 |
||
| 245 | 0 | _aNew methods of teaching history and other educational essays | |
| 300 | _a63p | ||
| 942 |
_cTEXL _h907, DAS |
||
| 999 |
_c1341555 _d1341555 |
||